000
00322nam a2200121Ia 4500
008
240624s9999 xx 000 0 und d
041
_a
eng
082
_a
650 ICF
100
_a
ICFAI KNOWLEDGE CENTER
245
_a
CORPORATE GOVERNANCE AT ROYAL BANK OF CA
260
_c
2004
_a
Hyderabad
_b
ICFAI
300
_a
18 : p. : cm. ; 30
999
_c
11706
_d
11706